The Anglo-Saxon World: An Anthology / (Record no. 616821)

000 -LEADER
fixed length control field 00393nam a22001337a 4500
020 ## - INTERNATIONAL STANDARD BOOK NUMBER
Qualifying information PB.
040 ## - CATALOGING SOURCE
Transcribing agency FIZZA ISHAQ
082 ## - DEWEY DECIMAL CLASSIFICATION NUMBER
Classification number 829.08
Author Mark CRO
100 ## - MAIN ENTRY--PERSONAL NAME
Personal name Crossley-Holland ,Kevin.
9 (RLIN) 133842
245 ## - TITLE STATEMENT
Title The Anglo-Saxon World: An Anthology /
Statement of responsibility, etc. Kevin Crossley-Holland.
260 ## - PUBLICATION, DISTRIBUTION, ETC.
Place of publication, distribution, etc. New York:
Name of publisher, distributor, etc. Oxford University Press,
Date of publication, distribution, etc. 1982.
300 ## - PHYSICAL DESCRIPTION
Extent 308 P. ;
Dimensions 7.6 x 0.8 x 5 inches
942 ## - ADDED ENTRY ELEMENTS (KOHA)
Source of classification or shelving scheme
Koha item type Book
Holdings
Withdrawn status Lost status Source of classification or shelving scheme Damaged status Not for loan Permanent Location Current Location Shelving location Date acquired Total Checkouts Full call number Barcode Date last seen Price effective from Koha item type
          NUST Baluchistan Campus (NBC) NUST Baluchistan Campus (NBC) General Stacks 04/03/2026   829.08 CRO QD-794 04/03/2026 04/03/2026 Book
© 2023 Central Library, National University of Sciences and Technology. All Rights Reserved.